000 00534nam a2200193Ia 4500
005 20250508154658.0
008 008 250505s9999 xx 000 0 eng d
037 _aTextual
040 _aFEDL
_beng
_cFEDL
041 _aeng
_2eng
084 _a519.9, BRU
_qFEDL
100 _aBrunk H D
_9338355
245 0 _aIntroduction to mathematical statistics
250 _a2nd
260 _aNew York, USA
_bBlaisdell Publishing Company
_c1965
300 _a429p.
942 _cTEXL
_h519.9, BRU
999 _c1351562
_d1351562